[Event "Aberto Brasil - II Niterói Chess Open "]
[Site "Salão de Convenções do Hot"]
[Date "2022.09.04"]
[Round "5.1"]
[White "Fier, Alexandr"]
[Black "Di Berardino, Diego Rafael"]
[Result "0-1"]
[WhiteElo "2583"]
[BlackElo "2464"]
[PlyCount "72"]
[EventDate "2022.09.01"]
[EventRounds "9"]
[EventCountry "BRA"]

1. e4 {[%emt 0:00:36]} e5 {[%emt 0:00:10]} 2. Nf3 {[%emt 0:00:09]} Nc6 {
[%emt 0:00:06]} 3. Bc4 {[%emt 0:00:03]} Bc5 {[%emt 0:00:29]} 4. d3 {[%emt 0:00:
07]} Nf6 {[%emt 0:00:13]} 5. O-O {[%emt 0:00:06]} d6 {[%emt 0:00:33]} 6. c3 {
[%emt 0:00:05]} a6 {[%emt 0:00:44]} 7. a4 {[%emt 0:00:21]} Ba7 {[%emt 0:00:54]}
8. Re1 {[%emt 0:01:05]} O-O {[%emt 0:03:13]} 9. h3 {[%emt 0:00:07]} Ne7 {
[%emt 0:01:23]} 10. d4 {[%emt 0:03:57]} Ng6 {[%emt 0:00:14]} 11. Nbd2 {[%emt 0:
07:10]} exd4 {[%emt 0:17:18]} 12. cxd4 {[%emt 0:01:50]} Re8 {[%emt 0:07:02]}
13. Bd3 {[%emt 0:08:14]} Nh5 {[%emt 0:13:41]} 14. Bf1 {[%emt 0:02:58]} Nhf4 {
[%emt 0:02:00]} 15. b4 {[%emt 0:02:02]} d5 {[%emt 0:03:39]} 16. e5 {[%emt 0:00:
23]} f6 {[%emt 0:08:15]} 17. Nb3 {[%emt 0:03:10]} Bf5 {[%emt 0:02:42]} 18. Bxf4
{[%emt 0:04:06]} Nxf4 {[%emt 0:00:03]} 19. Qd2 {[%emt 0:00:06]} Ng6 {[%emt 0:
01:56]} 20. Bd3 {[%emt 0:06:35]} Bxd3 {[%emt 0:01:23]} 21. Qxd3 {[%emt 0:00:05]
} fxe5 {[%emt 0:00:18]} 22. Nxe5 {[%emt 0:03:33]} Nxe5 {[%emt 0:01:37]} 23.
Rxe5 {[%emt 0:00:05]} Rxe5 {[%emt 0:00:55]} 24. dxe5 {[%emt 0:00:05]} c6 {
[%emt 0:00:11]} 25. g3 {[%emt 0:20:12]} Qb6 {[%emt 0:09:58]} 26. Qd2 {[%emt 0:
02:36]} Rf8 {[%emt 0:01:26]} 27. Rf1 {[%emt 0:00:04]} Qc7 {[%emt 0:03:03]} 28.
Qg5 {[%emt 0:20:34]} h6 {[%emt 0:03:26]} 29. Qh5 {[%emt 0:00:04]} Qb6 {[%emt 0:
01:24]} 30. Qg4 {[%emt 0:01:41]} a5 {[%emt 0:04:18]} 31. Nc5 {[%emt 0:05:20]}
Qxb4 {[%emt 0:00:55]} 32. Qe6+ {[%emt 0:03:35]} Kh7 {[%emt 0:02:13]} 33. Nd3 {
[%emt 0:00:10]} Qb3 {[%emt 0:01:33]} 34. Qe7 {[%emt 0:00:06]} Rf5 {[%emt 0:01:
27]} 35. Nc5 {[%emt 0:00:19]} Qc3 {[%emt 0:01:20]} 36. Qd7 {[%emt 0:01:33]}
Rxe5 {[%emt 0:02:22]} 0-1

[Event "Aberto Brasil - II Niterói Chess Open "]
[Site "Salão de Convenções do Hot"]
[Date "2022.09.04"]
[Round "5.2"]
[White "Rodriguez Vila, Andres"]
[Black "Delgado Ramirez, Neuris"]
[Result "0-1"]
[WhiteElo "2443"]
[BlackElo "2559"]
[PlyCount "152"]
[EventDate "2022.09.01"]
[EventRounds "9"]
[EventCountry "BRA"]

1. e4 {[%emt 15:04:38]} c5 {[%emt 0:19:13]} 2. Nc3 {[%emt 0:01:05]} Nc6 {
[%emt 0:00:15]} 3. Nge2 {[%emt 0:00:08]} Nf6 {[%emt 0:00:58]} 4. d4 {[%emt 0:
00:09]} cxd4 {[%emt 0:00:05]} 5. Nxd4 {[%emt 0:00:04]} d6 {[%emt 0:00:04]} 6.
Be2 {[%emt 0:00:59]} e5 {[%emt 0:00:18]} 7. Nf3 {[%emt 0:00:05]} h6 {[%emt 0:
00:25]} 8. Bc4 {[%emt 0:01:55]} Be7 {[%emt 0:00:47]} 9. Nh4 {[%emt 0:00:40]}
O-O {[%emt 0:01:12]} 10. Ng6 {[%emt 0:01:17]} Re8 {[%emt 0:00:23]} 11. O-O {
[%emt 0:00:21]} Be6 {[%emt 0:05:26]} 12. Bxe6 {[%emt 0:05:14]} fxe6 {[%emt 0:
01:02]} 13. Re1 {[%emt 0:00:54]} Kh7 {[%emt 0:01:57]} 14. Nxe7 {[%emt 0:00:23]}
Qxe7 {[%emt 0:00:04]} 15. Qd3 {[%emt 0:01:31]} Nb4 {[%emt 0:00:58]} 16. Qe2 {
[%emt 0:00:23]} Kh8 {[%emt 0:01:36]} 17. f4 {[%emt 0:01:45]} Nc6 {[%emt 0:01:
12]} 18. Be3 {[%emt 0:01:33]} a6 {[%emt 0:03:24]} 19. Rad1 {[%emt 0:01:20]} b5
{[%emt 0:00:45]} 20. Rf1 {[%emt 0:12:38]} exf4 {[%emt 0:01:10]} 21. Bxf4 {
[%emt 0:04:18]} Ne5 {[%emt 0:00:32]} 22. Kh1 {[%emt 0:04:42]} Rf8 {[%emt 0:05:
43]} 23. h3 {[%emt 0:03:47]} Rad8 {[%emt 0:01:40]} 24. a4 {[%emt 0:00:52]} b4 {
[%emt 0:07:55]} 25. Na2 {[%emt 0:00:58]} Qb7 {[%emt 0:00:24]} 26. Rd4 {[%emt 0:
00:14]} a5 {[%emt 0:00:18]} 27. Rfd1 {[%emt 0:04:09]} Ng6 {[%emt 0:03:04]} 28.
Bh2 {[%emt 0:02:59]} d5 {[%emt 0:05:58]} 29. exd5 {[%emt 0:02:04]} exd5 {
[%emt 0:00:23]} 30. Nc1 {[%emt 0:01:07]} Ne4 {[%emt 0:01:10]} 31. Nd3 {[%emt 0:
05:46]} Qb6 {[%emt 0:02:27]} 32. Qe3 {[%emt 0:00:11]} Rde8 {[%emt 0:01:01]} 33.
Qg1 {[%emt 0:03:23]} Ne7 {[%emt 0:07:09]} 34. Be5 {[%emt 0:10:06]} Qe6 {
[%emt 0:02:30]} 35. Bh2 {[%emt 0:13:47]} Nf5 {[%emt 0:05:09]} 36. Nf4 {[%emt 0:
00:19]} Qb6 {[%emt 0:00:53]} 37. Rxe4 {[%emt 0:01:29]} Qxg1+ {[%emt 0:00:04]}
38. Kxg1 {[%emt 0:00:07]} dxe4 {[%emt 0:00:21]} 39. Ng6+ {[%emt 0:00:04]} Kg8 {
[%emt 0:01:02]} 40. Nxf8 {[%emt 0:00:06]} Rxf8 {[%emt 0:00:21]} 41. Bc7 {
[%emt 0:02:13]} Kh7 {[%emt 0:11:28]} 42. Rd8 {[%emt 0:02:42]} Rf7 {[%emt 0:00:
12]} 43. Bxa5 {[%emt 0:00:12]} Ne3 {[%emt 0:00:12]} 44. Bb6 {[%emt 0:02:43]}
Rf1+ {[%emt 0:00:13]} 45. Kh2 {[%emt 0:00:16]} Nxc2 {[%emt 0:00:06]} 46. a5 {
[%emt 0:05:45]} e3 {[%emt 0:00:27]} 47. Re8 {[%emt 0:00:13]} Ra1 {[%emt 0:00:
19]} 48. Kg3 {[%emt 0:01:36]} b3 {[%emt 0:02:31]} 49. Kf3 {[%emt 0:01:00]} Ra2
{[%emt 0:00:04]} 50. Ke2 {[%emt 0:02:20]} Rxb2 {[%emt 0:00:09]} 51. Kd3 {
[%emt 0:00:03]} Ra2 {[%emt 0:01:59]} 52. Kc3 {[%emt 0:00:26]} Na1 {[%emt 0:00:
42]} 53. Bxe3 {[%emt 0:02:04]} Rxa5 {[%emt 0:00:27]} 54. Re7 {[%emt 0:01:19]}
Ra2 {[%emt 0:00:25]} 55. g4 {[%emt 0:00:52]} b2 {[%emt 0:04:12]} 56. Bd4 {
[%emt 0:01:11]} b1=N+ {[%emt 0:00:56]} 57. Kc4 {[%emt 0:00:05]} Kg8 {[%emt 0:
03:29]} 58. Rxg7+ {[%emt 0:00:17]} Kf8 {[%emt 0:00:02]} 59. Rh7 {[%emt 0:00:21]
} Ra4+ {[%emt 0:00:21]} 60. Kd5 {[%emt 0:00:35]} Nb3 {[%emt 0:00:14]} 61. Bb2 {
[%emt 0:00:55]} N1d2 {[%emt 0:00:54]} 62. Rb7 {[%emt 0:00:37]} Ra5+ {[%emt 0:
01:09]} 63. Kc6 {[%emt 0:00:26]} Ra2 {[%emt 0:01:12]} 64. Bg7+ {[%emt 0:00:32]}
Kg8 {[%emt 0:00:22]} 65. Kb5 {[%emt 0:00:26]} Ra5+ {[%emt 0:00:39]} 66. Kb4 {
[%emt 0:00:16]} Ra6 {[%emt 0:00:11]} 67. Bc3 {[%emt 0:00:19]} Rc6 {[%emt 0:00:
09]} 68. Rg7+ {[%emt 0:00:37]} Kf8 {[%emt 0:00:13]} 69. Be5 {[%emt 0:00:52]}
Rb6+ {[%emt 0:01:05]} 70. Kc3 {[%emt 0:00:22]} Nf3 {[%emt 0:00:21]} 71. g5 {
[%emt 0:00:38]} hxg5 {[%emt 0:00:46]} 72. Kc2 {[%emt 0:00:18]} Nbd4+ {[%emt 0:
00:33]} 73. Kc1 {[%emt 0:00:21]} Ne6 {[%emt 0:00:25]} 74. Ra7 {[%emt 0:00:49]}
Nxe5 {[%emt 0:00:08]} 75. Kd2 {[%emt 0:00:01]} Rb3 {[%emt 0:00:29]} 76. Rh7 {
[%emt 0:00:31]} Ng6 {[%emt 0:00:17]} 0-1

[Event "Aberto Brasil - II Niterói Chess Open "]
[Site "Salão de Convenções do Hot"]
[Date "2022.09.04"]
[Round "5.3"]
[White "Matsuura, Everaldo"]
[Black "Santiago, Yago De Moura"]
[Result "1/2-1/2"]
[WhiteElo "2437"]
[BlackElo "2448"]
[PlyCount "44"]
[EventDate "2022.09.01"]
[EventRounds "9"]
[EventCountry "BRA"]

1. c4 {[%emt 0:04:18]} e6 {[%emt 0:10:29]} 2. d4 {[%emt 0:00:30]} Nf6 {[%emt 0:
03:12]} 3. Nc3 {[%emt 0:00:53]} Bb4 {[%emt 0:01:00]} 4. e3 {[%emt 0:00:31]} O-O
{[%emt 0:00:14]} 5. Bd3 {[%emt 0:01:48]} d5 {[%emt 0:00:09]} 6. a3 {[%emt 0:02:
25]} Bxc3+ {[%emt 0:01:08]} 7. bxc3 {[%emt 0:00:19]} dxc4 {[%emt 0:00:33]} 8.
Bxc4 {[%emt 0:00:15]} c5 {[%emt 0:00:05]} 9. Ne2 {[%emt 0:00:59]} Qc7 {[%emt 0:
00:15]} 10. Ba2 {[%emt 0:00:46]} b6 {[%emt 0:01:52]} 11. O-O {[%emt 0:01:22]}
Ba6 {[%emt 0:00:09]} 12. Bb2 {[%emt 0:01:26]} Nc6 {[%emt 0:00:43]} 13. Rc1 {
[%emt 0:05:14]} Rfd8 {[%emt 0:00:23]} 14. c4 {[%emt 0:02:09]} cxd4 {[%emt 0:00:
32]} 15. exd4 {[%emt 0:00:15]} b5 {[%emt 0:00:28]} 16. d5 {[%emt 0:03:37]} bxc4
{[%emt 0:00:54]} 17. Bxc4 {[%emt 0:01:28]} Bxc4 {[%emt 0:03:18]} 18. Rxc4 {
[%emt 0:00:45]} exd5 {[%emt 0:15:11]} 19. Rc2 {[%emt 0:05:52]} Qd6 {[%emt 0:15:
23]} 20. Qc1 {[%emt 0:07:57]} Rac8 {[%emt 0:03:20]} 21. Rd1 {[%emt 0:02:10]}
Ne7 {[%emt 0:04:42]} 22. Ng3 {[%emt 0:18:59]} Rxc2 {[%emt 0:06:42]} 1/2-1/2

[Event "Aberto Brasil - II Niterói Chess Open "]
[Site "Salão de Convenções do Hot"]
[Date "2022.09.04"]
[Round "5.4"]
[White "Mekhitarian, Krikor Sevag"]
[Black "Marra, Eduardo Da Costa"]
[Result "1-0"]
[WhiteElo "2544"]
[BlackElo "2256"]
[PlyCount "73"]
[EventDate "2022.09.01"]
[EventRounds "9"]
[EventCountry "BRA"]

1. d4 {[%emt 0:17:26]} Nf6 {[%emt 0:01:16]} 2. c4 g6 {[%emt 0:00:12]} 3. Nc3 {
[%emt 0:01:33]} Bg7 {[%emt 0:00:10]} 4. e4 {[%emt 0:01:31]} d6 {[%emt 0:00:08]}
5. Be2 {[%emt 0:02:50]} O-O {[%emt 0:00:58]} 6. Nf3 {[%emt 0:03:51]} e5 {
[%emt 0:01:07]} 7. Be3 {[%emt 0:00:34]} exd4 {[%emt 0:04:14]} 8. Nxd4 {[%emt 0:
00:03]} Re8 {[%emt 0:00:37]} 9. f3 {[%emt 0:00:04]} c6 {[%emt 0:01:25]} 10. Bf2
{[%emt 0:03:39]} d5 {[%emt 0:06:01]} 11. exd5 {[%emt 0:00:10]} cxd5 {[%emt 0:
00:03]} 12. c5 {[%emt 0:04:47]} Nc6 {[%emt 0:02:02]} 13. O-O {[%emt 0:01:29]}
Nh5 {[%emt 0:00:22]} 14. Qd2 {[%emt 0:05:43]} Be5 {[%emt 0:01:59]} 15. g3 {
[%emt 0:01:00]} Ng7 {[%emt 0:01:17]} 16. Bb5 {[%emt 0:14:53]} Bd7 {[%emt 0:08:
39]} 17. Bxc6 {[%emt 0:12:03]} bxc6 {[%emt 0:02:18]} 18. b4 {[%emt 0:06:22]}
Ne6 {[%emt 0:17:57]} 19. Nce2 {[%emt 0:05:41]} Bg7 {[%emt 0:12:34]} 20. Rac1 {
[%emt 0:02:47]} Ng5 {[%emt 0:08:36]} 21. Be3 {[%emt 0:01:02]} Bh6 {[%emt 0:16:
03]} 22. Kh1 {[%emt 0:02:26]} Bh3 {[%emt 0:00:47]} 23. Rf2 {[%emt 0:02:16]} Qf6
{[%emt 0:05:09]} 24. Bf4 {[%emt 0:02:31]} Re7 {[%emt 0:02:38]} 25. Ng1 {
[%emt 0:03:17]} Rae8 {[%emt 0:01:01]} 26. Bxg5 {[%emt 0:01:03]} Qxg5 {[%emt 0:
04:36]} 27. f4 {[%emt 0:02:48]} Qh5 {[%emt 0:00:14]} 28. Nxh3 {[%emt 0:00:08]}
Qxh3 {[%emt 0:00:04]} 29. Nxc6 {[%emt 0:00:46]} Re3 {[%emt 0:01:12]} 30. Kg1 {
[%emt 0:00:13]} g5 {[%emt 0:00:56]} 31. Nd4 {[%emt 0:01:48]} Qg4 {[%emt 0:00:
31]} 32. Kh1 {[%emt 0:00:55]} Qh3 {[%emt 0:00:24]} 33. Rg1 {[%emt 0:00:52]} Kh8
{[%emt 0:00:32]} 34. Nc2 {[%emt 0:00:17]} R3e4 {[%emt 0:00:45]} 35. fxg5 {
[%emt 0:00:17]} Bg7 {[%emt 0:00:23]} 36. Qxd5 {[%emt 0:00:46]} Re2 {[%emt 0:00:
30]} 37. Rxe2 {[%emt 0:00:11]} 1-0

[Event "Aberto Brasil - II Niterói Chess Open "]
[Site "Salão de Convenções do Hot"]
[Date "2022.09.04"]
[Round "5.5"]
[White "Quintiliano Pinto, Renato R."]
[Black "Do Valle Cardoso, Lucas"]
[Result "1/2-1/2"]
[WhiteElo "2504"]
[BlackElo "2162"]
[PlyCount "70"]
[EventDate "2022.09.01"]
[EventRounds "9"]
[EventCountry "BRA"]

1. d4 {[%emt 0:08:47]} d5 {[%emt 0:02:00]} 2. Nf3 {[%emt 0:01:04]} Nf6 {
[%emt 0:00:06]} 3. c4 {[%emt 0:00:56]} dxc4 {[%emt 0:00:39]} 4. e3 {[%emt 0:00:
08]} b5 {[%emt 0:00:07]} 5. a4 {[%emt 0:02:49]} b4 {[%emt 0:00:06]} 6. Bxc4 {
[%emt 0:00:09]} e6 {[%emt 0:00:08]} 7. O-O {[%emt 0:01:18]} Be7 {[%emt 0:00:14]
} 8. b3 {[%emt 0:04:10]} O-O {[%emt 0:00:30]} 9. Bb2 {[%emt 0:00:25]} Bb7 {
[%emt 0:00:29]} 10. a5 {[%emt 0:10:40]} a6 {[%emt 0:02:17]} 11. Nbd2 {[%emt 0:
01:53]} Nbd7 {[%emt 0:01:16]} 12. Be2 {[%emt 0:10:46]} c5 {[%emt 0:01:01]} 13.
Nc4 {[%emt 0:01:42]} Rc8 {[%emt 0:02:26]} 14. Nfe5 {[%emt 0:06:57]} cxd4 {
[%emt 0:05:51]} 15. Nxd7 {[%emt 0:01:17]} Nxd7 {[%emt 0:01:03]} 16. Bxd4 {
[%emt 0:00:09]} Qc7 {[%emt 0:02:07]} 17. Rc1 {[%emt 0:02:53]} Rfd8 {[%emt 0:03:
11]} 18. Qd2 {[%emt 0:06:45]} Qb8 {[%emt 0:04:54]} 19. Qb2 {[%emt 0:00:10]} Bf6
{[%emt 0:05:46]} 20. Rfd1 {[%emt 0:03:32]} Bxd4 {[%emt 0:01:27]} 21. Rxd4 {
[%emt 0:00:26]} Nf6 {[%emt 0:01:00]} 22. Nb6 {[%emt 0:08:21]} Rxc1+ {[%emt 0:
01:57]} 23. Qxc1 {[%emt 0:00:33]} Rxd4 {[%emt 0:00:45]} 24. exd4 {[%emt 0:00:
04]} Ne4 {[%emt 0:02:31]} 25. Qe3 {[%emt 0:07:45]} Qc7 {[%emt 0:07:27]} 26. Bc4
{[%emt 0:02:22]} h6 {[%emt 0:03:58]} 27. h3 {[%emt 0:01:05]} Nc3 {[%emt 0:09:
04]} 28. Qe5 {[%emt 0:03:56]} Qd8 {[%emt 0:01:26]} 29. Kh2 {[%emt 0:02:54]} Nd5
{[%emt 0:12:32]} 30. Bd3 {[%emt 0:00:33]} Ne7 {[%emt 0:00:55]} 31. Qc5 {
[%emt 0:01:02]} Nc6 {[%emt 0:02:12]} 32. d5 {[%emt 0:09:09]} exd5 {[%emt 0:06:
37]} 33. Nxd5 {[%emt 0:00:04]} Qxa5 {[%emt 0:01:15]} 34. Qxa5 {[%emt 0:00:04]}
Nxa5 {[%emt 0:00:10]} 35. Nxb4 {[%emt 0:00:04]} Nxb3 {[%emt 0:00:19]} 1/2-1/2

[Event "Aberto Brasil - II Niterói Chess Open "]
[Site "Salão de Convenções do Hot"]
[Date "2022.09.04"]
[Round "5.6"]
[White "Barbosa, Evandro Amorim"]
[Black "Rangel, Daniel"]
[Result "1-0"]
[WhiteElo "2481"]
[BlackElo "2193"]
[PlyCount "167"]
[EventDate "2022.09.01"]
[EventRounds "9"]
[EventCountry "BRA"]

1. e4 {[%emt 0:11:13]} c5 {[%emt 0:00:13]} 2. Nf3 {[%emt 0:00:14]} g6 {[%emt 0:
00:18]} 3. d4 {[%emt 0:01:06]} cxd4 {[%emt 0:00:06]} 4. Nxd4 {[%emt 0:00:07]}
Bg7 {[%emt 0:00:06]} 5. c4 {[%emt 0:00:32]} Nc6 {[%emt 0:00:06]} 6. Be3 {
[%emt 0:00:18]} Nf6 {[%emt 0:00:13]} 7. Nc3 {[%emt 0:00:12]} O-O {[%emt 0:00:
12]} 8. Be2 {[%emt 0:00:22]} Nxd4 {[%emt 0:00:31]} 9. Bxd4 {[%emt 0:00:11]} d6
{[%emt 0:00:07]} 10. O-O {[%emt 0:00:16]} Bd7 {[%emt 0:01:31]} 11. h3 {[%emt 0:
01:08]} Bc6 {[%emt 0:01:40]} 12. Qc2 {[%emt 0:00:24]} a5 {[%emt 0:03:29]} 13.
Rad1 {[%emt 0:00:52]} Nd7 {[%emt 0:00:51]} 14. Bxg7 {[%emt 0:00:14]} Kxg7 {
[%emt 0:00:05]} 15. Bg4 {[%emt 0:00:32]} Ne5 {[%emt 0:05:28]} 16. c5 {[%emt 0:
01:16]} Nxg4 {[%emt 0:00:46]} 17. hxg4 {[%emt 0:00:09]} Qc8 {[%emt 0:00:24]}
18. cxd6 {[%emt 0:01:15]} Qxg4 {[%emt 0:00:47]} 19. dxe7 {[%emt 0:00:24]} Rfe8
{[%emt 0:00:05]} 20. Nd5 {[%emt 0:00:41]} Bxd5 {[%emt 0:01:07]} 21. Qc3+ {
[%emt 0:00:34]} Kg8 {[%emt 0:00:41]} 22. exd5 {[%emt 0:00:21]} Rxe7 {[%emt 0:
00:11]} 23. d6 {[%emt 0:00:40]} Rd7 {[%emt 0:00:52]} 24. Rfe1 {[%emt 0:11:46]}
Qg5 {[%emt 0:14:55]} 25. Re5 {[%emt 0:03:41]} Qd8 {[%emt 0:01:08]} 26. Qd4 {
[%emt 0:29:27]} Qf8 {[%emt 0:15:12]} 27. Rd5 {[%emt 0:05:49]} Qg7 {[%emt 0:04:
55]} 28. Qa4 {[%emt 0:01:14]} Rad8 {[%emt 0:02:03]} 29. Qb5 {[%emt 0:06:04]}
Qf6 {[%emt 0:00:49]} 30. Qb6 {[%emt 0:00:10]} a4 {[%emt 0:14:27]} 31. Qb4 {
[%emt 0:00:58]} Kg7 {[%emt 0:01:35]} 32. R1d3 {[%emt 0:02:12]} Qe6 {[%emt 0:08:
00]} 33. Qd2 {[%emt 0:02:13]} Kg8 {[%emt 0:05:02]} 34. Qf4 {[%emt 0:06:12]} Kg7
{[%emt 0:01:41]} 35. Kh2 {[%emt 0:02:27]} Qf6 {[%emt 0:01:05]} 36. Qd2 {
[%emt 0:00:07]} Kg8 {[%emt 0:02:49]} 37. a3 {[%emt 0:01:25]} Qh4+ {[%emt 0:04:
17]} 38. Kg1 {[%emt 0:01:17]} Qf6 {[%emt 0:00:17]} 39. Qb4 {[%emt 0:00:29]} Qe6
{[%emt 0:02:31]} 40. Qd4 {[%emt 0:00:37]} Qe1+ {[%emt 0:04:13]} 41. Kh2 {
[%emt 0:00:09]} Qc1 {[%emt 0:00:06]} 42. Qf6 {[%emt 0:02:01]} Qh6+ {[%emt 0:00:
32]} 43. Kg1 {[%emt 0:03:00]} Qg7 {[%emt 0:00:07]} 44. Qf4 {[%emt 0:01:09]}
Qxb2 {[%emt 0:00:12]} 45. Qxa4 {[%emt 0:00:37]} Qa1+ {[%emt 0:01:03]} 46. Rd1 {
[%emt 0:00:13]} Qb2 {[%emt 0:00:33]} 47. g3 {[%emt 0:00:29]} Qf6 {[%emt 0:01:
31]} 48. Qb4 {[%emt 0:00:08]} Rc8 {[%emt 0:00:54]} 49. Qe4 {[%emt 0:01:02]}
Rcd8 {[%emt 0:00:23]} 50. Qd3 {[%emt 0:00:31]} Kg7 {[%emt 0:00:08]} 51. Kg2 {
[%emt 0:00:15]} Rc8 {[%emt 0:00:28]} 52. a4 {[%emt 0:01:41]} Rc3 {[%emt 0:00:
36]} 53. Qe4 {[%emt 0:00:08]} Rc6 {[%emt 0:00:15]} 54. Qb4 {[%emt 0:00:19]} Rc2
{[%emt 0:00:42]} 55. Qe1 {[%emt 0:01:29]} Rc6 {[%emt 0:01:30]} 56. Qd2 {
[%emt 0:00:17]} Qc3 {[%emt 0:00:26]} 57. Qe2 {[%emt 0:01:05]} Qf6 {[%emt 0:00:
17]} 58. Qd3 {[%emt 0:00:21]} Rc3 {[%emt 0:00:20]} 59. Qd2 {[%emt 0:00:16]}
Qf3+ {[%emt 0:00:35]} 60. Kg1 {[%emt 0:00:08]} Qf6 {[%emt 0:00:41]} 61. Rd4 {
[%emt 0:00:14]} Rc6 {[%emt 0:00:22]} 62. a5 {[%emt 0:00:06]} Qe5 {[%emt 0:00:
21]} 63. Rd5 {[%emt 0:01:10]} Qc3 {[%emt 0:00:32]} 64. Qf4 {[%emt 0:00:10]} Qf6
{[%emt 0:00:09]} 65. Qb4 {[%emt 0:00:12]} Qc3 {[%emt 0:00:43]} 66. Qg4 {
[%emt 0:00:26]} f5 {[%emt 0:01:11]} 67. Qe2 {[%emt 0:01:19]} Qf6 {[%emt 0:00:
16]} 68. Qd2 {[%emt 0:00:27]} Qc3 {[%emt 0:02:09]} 69. Qf4 {[%emt 0:00:10]} Qf6
{[%emt 0:00:10]} 70. R5d4 {[%emt 0:00:20]} Ra6 {[%emt 0:00:38]} 71. Qd2 {
[%emt 0:00:14]} Rc6 {[%emt 0:00:09]} 72. Qb4 {[%emt 0:00:24]} Qe5 {[%emt 0:00:
24]} 73. Kg2 {[%emt 0:01:51]} Qf6 {[%emt 0:00:59]} 74. R1d3 {[%emt 0:00:17]} h5
{[%emt 0:00:50]} 75. Qd2 {[%emt 0:00:17]} Kh7 {[%emt 0:00:35]} 76. Rd5 {
[%emt 0:00:21]} Kg7 {[%emt 0:00:19]} 77. Qf4 {[%emt 0:00:06]} Kh7 {[%emt 0:00:
22]} 78. Qb4 {[%emt 0:00:35]} Kg7 {[%emt 0:00:12]} 79. R3d4 {[%emt 0:00:31]}
Kh7 {[%emt 0:00:53]} 80. Qb5 {[%emt 0:00:50]} Rcxd6 {[%emt 0:01:51]} 81. Rxd6 {
[%emt 0:00:49]} Rxd6 {[%emt 0:00:04]} 82. Qxb7+ {[%emt 0:00:27]} Kh6 {[%emt 0:
00:05]} 83. Rxd6 {[%emt 0:00:09]} Qxd6 {[%emt 0:00:04]} 84. a6 {[%emt 0:00:07]}
1-0

[Event "Aberto Brasil - II Niterói Chess Open "]
[Site "Salão de Convenções do Hot"]
[Date "2022.09.04"]
[Round "5.7"]
[White "Limp, Eduardo Thelio"]
[Black "Molina, Roberto Junio Brito"]
[Result "0-1"]
[WhiteElo "2298"]
[BlackElo "2390"]
[PlyCount "152"]
[EventDate "2022.09.01"]
[EventRounds "9"]
[EventCountry "BRA"]

1. e4 {[%emt 0:08:13]} c6 {[%emt 0:01:29]} 2. d4 {[%emt 0:00:46]} d5 {[%emt 0:
00:08]} 3. Nc3 {[%emt 0:00:29]} dxe4 {[%emt 0:00:25]} 4. Nxe4 {[%emt 0:00:08]}
Nd7 {[%emt 0:00:22]} 5. Nf3 {[%emt 0:02:44]} Ngf6 {[%emt 0:00:25]} 6. Nxf6+ {
[%emt 0:02:04]} Nxf6 {[%emt 0:00:08]} 7. c3 {[%emt 0:01:52]} Bg4 {[%emt 0:02:
39]} 8. h3 {[%emt 0:02:48]} Bh5 {[%emt 0:01:48]} 9. Be2 {[%emt 0:00:11]} e6 {
[%emt 0:00:16]} 10. Ne5 {[%emt 0:02:21]} Bxe2 {[%emt 0:02:34]} 11. Qxe2 {
[%emt 0:00:10]} Be7 {[%emt 0:01:07]} 12. O-O {[%emt 0:02:23]} O-O {[%emt 0:00:
20]} 13. Rd1 {[%emt 0:02:25]} Nd7 {[%emt 0:11:49]} 14. Bf4 {[%emt 0:04:36]}
Nxe5 {[%emt 0:01:12]} 15. Bxe5 {[%emt 0:00:11]} Qd7 {[%emt 0:07:43]} 16. Qg4 {
[%emt 0:12:52]} f6 {[%emt 0:03:53]} 17. Bf4 {[%emt 0:00:32]} Bd6 {[%emt 0:00:
49]} 18. Bxd6 {[%emt 0:12:17]} Qxd6 {[%emt 0:02:19]} 19. Re1 {[%emt 0:00:10]}
Rae8 {[%emt 0:00:52]} 20. Re3 {[%emt 0:00:42]} Re7 {[%emt 0:00:24]} 21. Rae1 {
[%emt 0:00:39]} Rfe8 {[%emt 0:00:08]} 22. f4 {[%emt 0:03:10]} g6 {[%emt 0:11:
57]} 23. Kh1 {[%emt 0:00:57]} Kg7 {[%emt 0:01:52]} 24. a3 {[%emt 0:02:22]} a6 {
[%emt 0:02:48]} 25. b4 {[%emt 0:02:44]} Qd5 {[%emt 0:03:08]} 26. a4 {[%emt 0:
02:55]} Kf7 {[%emt 0:04:04]} 27. a5 {[%emt 0:00:20]} Qd6 {[%emt 0:03:33]} 28.
Qh4 {[%emt 0:02:11]} Kg7 {[%emt 0:00:48]} 29. Qg3 {[%emt 0:00:14]} Kf7 {
[%emt 0:01:48]} 30. Qf2 {[%emt 0:02:43]} Kg7 {[%emt 0:00:36]} 31. Kg1 {[%emt 0:
01:58]} Qd5 {[%emt 0:04:02]} 32. Qg3 {[%emt 0:00:38]} Qd6 {[%emt 0:00:17]} 33.
Qh2 {[%emt 0:00:24]} Kf7 {[%emt 0:00:32]} 34. g4 {[%emt 0:02:27]} Qd5 {[%emt 0:
01:53]} 35. Qg3 {[%emt 0:00:33]} Kg7 {[%emt 0:01:01]} 36. Kh2 {[%emt 0:02:00]}
Kf7 {[%emt 0:05:34]} 37. Rf1 {[%emt 0:02:30]} Kg7 {[%emt 0:00:26]} 38. Rf2 {
[%emt 0:00:49]} Qd6 {[%emt 0:02:35]} 39. h4 {[%emt 0:01:24]} Qd5 {[%emt 0:00:
41]} 40. g5 {[%emt 0:04:51]} Qf5 {[%emt 0:01:51]} 41. gxf6+ {[%emt 0:02:15]}
Qxf6 {[%emt 0:00:39]} 42. Re5 {[%emt 0:01:11]} Kf7 {[%emt 0:05:35]} 43. Qg4 {
[%emt 0:01:44]} Rd8 {[%emt 0:02:56]} 44. Kg3 {[%emt 0:00:53]} Ke8 {[%emt 0:01:
48]} 45. Qg5 {[%emt 0:04:17]} Qf7 {[%emt 0:00:38]} 46. h5 {[%emt 0:01:44]} Kd7
{[%emt 0:00:46]} 47. hxg6 {[%emt 0:00:14]} hxg6 {[%emt 0:00:08]} 48. Rh2 {
[%emt 0:00:18]} Rg8 {[%emt 0:00:38]} 49. Rh6 {[%emt 0:00:40]} Qe8 {[%emt 0:00:
43]} 50. Qg4 {[%emt 0:00:26]} Qf8 {[%emt 0:01:40]} 51. Qh3 {[%emt 0:01:59]} Qf6
{[%emt 0:02:08]} 52. Qh4 {[%emt 0:00:31]} Qf8 {[%emt 0:01:13]} 53. Qh3 {
[%emt 0:01:38]} Qf6 {[%emt 0:00:09]} 54. Rg5 {[%emt 0:00:28]} Rf7 {[%emt 0:01:
34]} 55. Qg4 {[%emt 0:00:11]} Rfg7 {[%emt 0:00:54]} 56. Qe2 {[%emt 0:00:29]}
Qf7 {[%emt 0:00:20]} 57. Qh2 {[%emt 0:00:51]} Rf8 {[%emt 0:00:21]} 58. Qh4 {
[%emt 0:00:14]} Rfg8 {[%emt 0:00:56]} 59. Kf3 {[%emt 0:00:15]} Kc7 {[%emt 0:00:
23]} 60. Qh3 {[%emt 0:00:40]} Rf8 {[%emt 0:00:23]} 61. Qg4 {[%emt 0:00:32]}
Rfg8 {[%emt 0:00:15]} 62. Re5 {[%emt 0:01:12]} g5 {[%emt 0:00:55]} 63. Rhxe6 {
[%emt 0:00:41]} Kb8 {[%emt 0:00:18]} 64. f5 {[%emt 0:04:25]} Rh7 {[%emt 0:00:
16]} 65. Ke3 {[%emt 0:01:06]} Ka7 {[%emt 0:00:30]} 66. Kd3 {[%emt 0:00:47]} Rh4
{[%emt 0:00:26]} 67. Qg1 {[%emt 0:00:54]} Ka8 {[%emt 0:01:00]} 68. Qe3 {
[%emt 0:00:36]} Rd8 {[%emt 0:00:33]} 69. Qxg5 {[%emt 0:01:20]} Rh3+ {[%emt 0:
00:22]} 70. Re3 {[%emt 0:00:44]} Rhh8 {[%emt 0:00:16]} 71. Qg6 {[%emt 0:00:36]}
Qd7 {[%emt 0:00:17]} 72. R6e5 {[%emt 0:00:49]} c5 {[%emt 0:00:46]} 73. Rxc5 {
[%emt 0:01:25]} Qa4 {[%emt 0:00:01]} 74. Qg4 {[%emt 0:00:39]} Rh2 {[%emt 0:01:
04]} 75. d5 {[%emt 0:01:29]} Qc2+ {[%emt 0:00:31]} 76. Kc4 {[%emt 0:00:15]} Rd2
{[%emt 0:00:34]} 0-1